La sombra del águila /

Guardado en:
Autor Principal: Pérez Reverte, Arturo
Formato: Libro
Publicado: Madrid : Punto de Lectura, 2007
Materias:
Etiquetas: Agregar Etiqueta
Sin Etiquetas, Sea el primero en etiquetar este registro!
LEADER 00597nam a22002055a 4500
001 CEM.cems013019
005 20090818075921.0
008 130507s2007##################000#0#####d
003 CEMS
020 |a 9788466318433 
082 0 4 |a 863.4 
100 1 |a Pérez Reverte, Arturo 
245 1 0 |a La sombra del águila /  |c Arturo Pérez Reverte 
260 |a Madrid :  |b Punto de Lectura,  |c 2007 
300 |a 150 p. 
653 |a Literatura 
653 |a Literatura colombiana-siglo 20 
653 |a Novelas 
653 |a Novela colombiana-siglo 20 
859 |a CEMS  |b BIB. CEMS - 11 de abril  |h 863.4  |i P415-3  |p 25427.08  |t Ej.1